| 000 | nam a22 7a 4500 | ||
|---|---|---|---|
| 999 |
_c129525 _d129525 |
||
| 008 | 190430b xxu||||| |||| 00| 0 eng d | ||
| 050 | _aBV215.E38 1975 | ||
| 100 |
_aEdwards, John C. _944530 |
||
| 245 |
_aA first grammar of prayer _c/ by John C. E dwards |
||
| 260 |
_aKent: _bMter Dei Press, _c[1975] |
||
| 300 |
_aiii, 70p. ; _c21cm. |
||
| 650 |
_aPrayer _946140 |
||
| 942 |
_2lcc _cMONOGRAPH |
||